Reproducción, crisis, organización y resistencia: a cien años de la acumulación del capital de Rosa Luxemburgo /
El texto conmemora el centenario de la obra "La Acumulación del Capital" de Rosa Luxemburgo. El libro explora y reflexiona sobre las contribuciones de Luxemburgo en los ámbitos de reproducción económica, crisis capitalista, organización política y resistencia social. Los coordinadores y co...
Guardat en:
| Altres autors: | , |
|---|---|
| Format: | Llibre |
| Idioma: | Spanish |
| Publicat: |
México:
Benemérita Universidad Autónoma de Puebla; Fundación de Investigaciones Sociales y Políticas; CLACSO,
2014
|
| Matèries: | |
| Accés en línia: | texto completo desde el sitio del libro |
| Etiquetes: |
Afegir etiqueta
Sense etiquetes, Sigues el primer a etiquetar aquest registre!
|
MARC
| LEADER | 00000nam a22000007a 4500 | ||
|---|---|---|---|
| 003 | cru CRAI/IIS | ||
| 005 | 20240108152138.0 | ||
| 008 | 200129t2014 mx |||||r|||||||| ||spa|d | ||
| 020 | |a 9786074878165 | ||
| 040 | |c cru CRAI/IIS | ||
| 090 | |a 03.01.02 R425r | ||
| 245 | |a Reproducción, crisis, organización y resistencia: |b a cien años de la acumulación del capital de Rosa Luxemburgo / |c Germán Sánchez Daza, Alejandro Álvarez Béjar, Silvana Figueroa Delgado, coordinadores | ||
| 260 | |a México: |b Benemérita Universidad Autónoma de Puebla; |b Fundación de Investigaciones Sociales y Políticas; |b CLACSO, |c 2014 | ||
| 300 | |a 331 páginas: |b tablas, graficos | ||
| 520 | 3 | |a El texto conmemora el centenario de la obra "La Acumulación del Capital" de Rosa Luxemburgo. El libro explora y reflexiona sobre las contribuciones de Luxemburgo en los ámbitos de reproducción económica, crisis capitalista, organización política y resistencia social. Los coordinadores y colaboradores abordan la vigencia y relevancia de las ideas de Luxemburgo en el contexto contemporáneo, examinando cómo sus análisis y teorías siguen proporcionando herramientas conceptuales para entender la dinámica del capitalismo, las crisis sistémicas y los desafíos para la organización y resistencia de las clases trabajadoras. A través de diversos enfoques y perspectivas, el libro proporciona una evaluación crítica y actualizada de la obra de Rosa Luxemburgo, destacando su legado en la teoría marxista y su influencia en la comprensión de las contradicciones inherentes al sistema capitalista. RAR 12/2023 | |
| 650 | 0 | 0 | |a CRISIS POLITICA |2 OCDE |9 3697 |
| 650 | 0 | 0 | |a RESISTENCIA POPULAR |2 OCDE |9 5208 |
| 650 | 0 | 0 | |a ACUMULACION DE CAPITAL |2 OCDE |9 669 |
| 650 | 0 | 0 | |a MARXISMO |2 OCDE |9 236 |
| 650 | 0 | 0 | |a CAPITALISMO |2 OCDE |9 64 |
| 700 | 1 | |a Sánchez Daza, Germán |e coordinador |9 9006 | |
| 700 | 1 | |a |e coordinador |9 9007 | |
| 700 | 1 | |9 9008 |a Figueroa Delgado, Silvana |e coordinadora | |
| 856 | |u http://209.177.156.169/libreria_cm/archivos/pdf_433.pdf |y texto completo desde el sitio del libro | ||
| 942 | |2 ddc |c LI | ||
| 999 | |c 42659 |d 42659 | ||



